000 00922nam a2200121Ia 4500
008 220620s9999||||xx |||||||||||||| ||und||
100 _aVan Praag, Lore||Ou-Salah, Loubna||Hut, Elodie||Zickgraf, Caroline
245 0 _aMigration and Environmental Change in Morocco
_bIn search for Linkages Between Migration Aspirations and (Perceived) Environmental Changes
546 _aEnglish[eng]
650 _aMigration||Environment, general||Environmental Geography||Human Migration||Environmental Sciences||Environmental Studies||Open access||Migration aspirations||Environmental change||Emigration||Migration trajectories of immigrants||Climate change in Morocco||Moroccan migrants in Belgium||Migration discourses||Tinghir and Tangier||Migration, immigration & emigration||The environment||Development & environmental geography
856 _uhttps://library.oapen.org/bitstream/20.500.12657/48698/1/9783030613907.pdf
942 _cEB
999 _c28007
_d28007